00381nam a2200109 4500008004100000100001800041245011800059260000900177300001300186650003800199773003400237190417b ||||| |||| 00| 0 eng d aAnjum, Alliya aMoving from impunity to accountability: women's bodies, identity, and conflict-related sexual violence in Kashmir c2018 ap.47-53. aSexual violence - India - Kashmir aEconomic and Political Weekly